000
00213nam a22000977a 4500
999
_c
16097
_d
16097
003
OSt
008
191106b ||||| |||| 00| 0 eng d
100
_a
Kunjunni,Menon.
_9
4543
245
_a
Sahitya sarvam
942
_c
BK